Statistics for Top 15 Countries with Covid-19 Cases - 2 December

Click here to take the quiz!

General Stats

  • This quiz has been taken 15 times
  • The average score is 18 of 27

Answer Stats

country% Correct
United Kingdom
100%
United States
100%
France
93%
Spain
93%
Germany
86%
Iran
86%
Mexico
86%
Russia
86%
Argentina
79%
Brazil
79%
India
79%
Italy
79%
Poland
79%
Belgium
71%
Colombia
64%
Czechia
64%
Peru
64%
Qatar
50%
Slovenia
50%
Bahrain
43%
Israel
43%
Switzerland
43%
Armenia
36%
Kuwait
36%
Panama
36%
Croatia
29%
Georgia
21%

Score Distribution

Percentile by Number Answered

Percent of People with Each Score

Your Score History

You have not taken this quiz